000
00263nam a2200109Ia 4500
008
200302s9999 xx 000 0 und d
100
_a
Zhang Yuhua
245
_a
Canadian contemporary architects
260
_b
Phoenix Pbulished Ltd.
260
_c
2012
300
_a
317
999
_c
6782
_d
6782